000 00995nam a2200229 a 4500
001 54746
003 BD-RjUL
005 20211209080150.0
008 161109s1961 ii ||||| |||| 00| 0 ben d
035 _a(BD-RjUL)54868
040 _aBD-RjUL
_bben
_cBD-RjUL
_dBD-RjUL
041 _aben
082 _223
_a954.14
_bMUS 1961
100 _aমুখোপাধ্যায়, হরিদাস
_9163220
245 1 0 _aস্বদেশী আন্দোলন ও বাংলার নবযুগ /
_cহরিদাস মুখোপাধ্যায়, ও উমা মুখোপাধ্যায়
260 _aকলিকাতা :
_bসরস্বতী লাইব্রেরী,
_c১৯৬১.
300 _a[১৪], ২৭৮ পৃ. ;
_c১৭ সেমি
651 _aভারত (বাংলা)
_xইতিহাস
_9195062
651 _aIndia (Bengal)
_xHistory
_9195063
700 _aমুখোপাধ্যায়, উমা
_9163223
942 _2ddc
_cBK
999 _c54746
_d54746